Visualizzazione normale
Vista MARC
- MUSICAL [DISCHI]
di Topical Term
Records bibliografici associati: 1
001 - CONTROL NUMBER
- control field: 22722
003 - CONTROL NUMBER IDENTIFIER
- control field: IT-RoPau
005 - DATE AND TIME OF LATEST TRANSACTION
- control field: 20140428223159.0
008 - FIXED-LENGTH DATA ELEMENTS
- fixed length control field: 140428|| aca||aabn | a|a d
040 ## - CATALOGING SOURCE
- Original cataloging agency: IT-RoPau
- Transcribing agency: IT-RoPau
150 ## - HEADING--TOPICAL TERM
- Topical term or geographic name entry element: MUSICAL [DISCHI]
- : Codice MATERIA SPICS: 9950
670 ## - SOURCE DATA FOUND
- Source citation: Work cat.: (IT-RoPau)103879: Webber Andrew Lloyd 977, Phantom of the Opera (The): Highlights (Musical 1987 in Lp)